Famiglia, diventa ciò che sei! La comunità parrocchiale si rinnova con la famiglia. (Record n. 206686)

Dettagli MARC
000 -LEADER
campo di controllo lung. fissa 00760npc a2200229Ia 4500
001 - Numero di controllo
campo di controllo dp4/9-40535
003 - Identificatore del numero di controllo
campo di controllo IT-MiCISF
005 - Data e orario dell'ultima transazione
campo di controllo 20250905122729.0
008 - Elementi di lunghezza fissa--Informazione generale
campo di controllo lung. fissa 161014s9999||||xx | und||
040 ## - Fonte della catalogazione
Agenzia catalografica originale IT-MiCISF
Agenzia che fa la trascrizione IT-MiCISF
041 ## - Codice di lingua
Codice di lingua del testo/traccia sonora o titolo separato it
100 ## - Accesso principale -- nome di persona
Nome di persona Belletti Francesco, Bonetti Renzo
9 (RLIN) 62570
245 #0 - Formulazione del titolo
Titolo Famiglia, diventa ciò che sei! La comunità parrocchiale si rinnova con la famiglia.
Complemento del titolo Atti convegno pastorale diocesano, 7-9 settembre 2004
250 ## - Formulazione di edizione
Formulazione di edizione 1a ed.
260 ## - Pubblicazione, distribuzione, ecc. (stampa)
Luogo di pubblicazione, distribuzione, ecc. Reggio Calabria-Bova,
Nome dell'editore, distributore, ecc. Arcidiocesi di Reggio Calabria-Bova,
Data di pubblicazione, distribuzione, ecc. 2004
300 ## - Descrizione fisica
Estensione pp. 121
500 ## - Nota generale
Nota generale / famiglia, valori, chiesa-locale, ministero-coniugale /
650 ## - Accesso aggiunto di soggetto--termine topico
Termine topico o nome geografico come accesso pastorale-familiare
654 ## - Accesso aggiunto di soggetto--termini topici faccettati
Termine principale atti
942 ## - Dati aggiuntivi (Koha)
Tipo copia default (Koha) DOCUMENTI
Fonte della classificazione o dello schema di collocazione (segnatura) Dewey Decimal Classification
999 ## - Sys Number locale (Koha)
Koha Dewey Subclass [OBSOLETE] si
Dati di copia
Ritirato (status) Perso (status) Danneggiato (status) Non per il presito Biblioteca proprietaria Biblioteca in cui si trova Data d'acquisizione Totale prestiti Collocazione Data ultima operazione Prezzo in vigore dal Tipo copia default (Koha) Nota pubblica
    Buone Condizioni Not For Loan CISF - Milano CISF - Milano 14/10/2016   dp4/9-40535 14/10/2016 14/10/2016 DOCUMENTI Data import 15.10.2016 / by Epidotti, Vaglietti
CREDITS: SOCIETA' SAN PAOLO Via A.Severo, 58 - ROMA (RM) & PERIODICI SAN PAOLO SRL Via Giotto, 36 MILANO & CISF Via Giotto, 36 MILANO & EDIZIONI SAN PAOLO SRL,  Piazza Soncino, 5 CINISELLO BALSAMO (MI) -- ITALY